pays qui produisent le plus de cannabis - Statistiques

Statistiques générales
  • Ce quiz a été pris 225 fois
  • Le résultat moyen est 4 sur 10
Statistiques - réponses
Hint Réponse % Correct
2 Maroc
85%
4 Pays-Bas
68%
8 Espagne
58%
6 Inde
46%
1 Afghanistan
43%
10 Jamaique
34%
3 Pakistan
34%
5 Liban
14%
7 Népal
13%
9 Albanie
5%
Aucun quiz correspondant
Distribution des résultats
% des personnes avec chaque résultat
Percentile par nombre de réponses
Votre historique - résultats
Vous n’avez pas pris ce quiz